Statistics for Premier League Teams 23/24 - Arsenal

Click here to take the quiz!

General Stats

  • This quiz has been taken 30 times
  • The average score is 10 of 21

Answer Stats

QuestionAnswer% Correct
Which company sponsors their kit?Emirates
97%
What is the name of their stadium?Emirates Stadium
97%
Who is their head Coach?Mikel Arteta
97%
What is their nickname?The Gunners
97%
What is the colour of their home kit?Red and White
93%
Which team is their closest rival?Tottenham Hotspur
90%
With 228 goals, who is their record goal scorer?Thierry Henry
79%
How many top division titles have they won?13
72%
Which year did they win their most recent top division title?2004
72%
Their youngest first team player was only 15 years, 181 days. What was his name?Ethan Nwaneri
38%
Who is the chairman?Stan Kroenke
Josh Kroenke
38%
Their record home attendance was against Sunderland in 1935. How many were there. (To the nearest 1,000)73,295
31%
How many consecutive seasons in the top division?105
21%
With 722 games, who has played the most for them?David O'Leary
14%
Who is the owner of the club? (If more than one owner, use the person/company with the majority stake)Kroenke Sports & Entertainment
10%
What is their motto?Victoria Concordia Crescit
7%
...and what does it mean in English?Victory Through Harmony
7%
Their biggest loss was against Loughborough in 1896. What was the score?0-8
3%
Their record cup win was 12-0 1893. Who was it against?Ashford United
3%
Their record league win was 12-0 in 1900. Who was it against?Loughborough
3%
Their oldest first team player was 41 years, 159 days. Who was it?Jock Rutherford
0%

Score Distribution

Percentile by Number Answered

Percent of People with Each Score

Your Score History

You have not taken this quiz